000 00431nam a2200157Ia 4500
008 151213s9999 xx 000 0 und d
100 _aSyed Khalid Rashid , V. P. Bharatiya
245 _aMuslim Law
_cSyed Khalid Rashid , V. P. Bharatiya
250 _a4th
260 _aDelhi
_bEastern Book Co.
_c2004
300 _a3751 p.
650 _aLaw
650 _aLaw
700 _aSyed Khalid Rashid , V. P. Bharatiya
999 _c2475
_d2475